000 00878nam a2200241Ia 4500
005 20250622124037.0
008 250617s9999||||xx |||||||||||||| ||ara||
017 _a30202
_bمصر. دار الكتب
020 _a9789778812831
082 0 4 _a"378,1"
_bأ ج
100 0 _aأحمد محمد عبد العزيز
245 1 0 _aجامعات عصر الرقمنة /
_cأحمد محمد عبد العزيز
250 _aط1
260 3 _aالقاهرة :
_b"دار العلا للنشر والتوزيع,"
_c2025.
300 _a471ص ؛
_b
_c24سم.
650 _aالتخطيط التربوى
650 _aالتعليم
_x وسائل سمعية وبصرية
650 _aالتعليم الجامعى
650 _aالتعليم الجامعى
_x تكنولوجيا
650 _aتكنولوجيا التعليم
942 _cBK
999 _c67673
_d67673